000 00406 a2200169 4500
001 190384
020 _a978-85-16-06752-6
040 _cMagnum
100 _aHarrison, Lisi
240 1 0 _aAlfas: as melhores entre as melhores
_lpor
245 1 0 _aAlfas: as melhores entre as melhores
300 _a286
362 0 _a2010
440 1 _aModerna
697 _aLITERATURA JUVENIL ESTRANGEIRA
942 _cBK
999 _c190384
_d190384